000 00327nam a2200133 a 4500
005 20140414131915.0
008 100915s19uu xx 00 eng d
050 _aFIC
_bAp5 2002
100 _aApplegate, K.A.
245 _aThe arrival.
260 _aNew York :
_bScholastic ,
_c2002.
440 _aAnimorphs
999 _c111410
_d111410